00614nam a22001937a 450000500170000000800410001701000150005802000260007303500130009903700150011204000130012710000210014024500930016126000380025427000610029230000280035370000200038170000190040120130122115659.0130122t xxu||||| |||| 00| 0 eng d aENG-106639 a9788188449149c110.00 aEN-90172 bDBAD / PUB aDPLbENG aSengar, N. P. S. aA primer on dosage form design /cby N. P. S. Sengar, Ritesh Agrawal [and] Ashwini singh aHyderabad bPharmaMed Pressc2009 a4-4-316, Giriraj Lane, Sultan Bazar, bHyderabade500095 axiii, 120p.c24cm(pbk)  aAgrawal, Ritesh aSingh, Ashwini